[Event "GER-chT U14 Girls"]
[Site "Neumuenster"]
[Date "2019.12.30"]
[Round "7.8"]
[White "Schramm, Clara"]
[Black "Wehling, Ida"]
[Result "1-0"]
[WhiteElo "805"]
[BlackElo "1123"]
[PlyCount "51"]
[EventDate "2019.12.27"]
[EventType "team-swiss"]
[EventRounds "7"]
[EventCountry "GER"]
[SourceTitle "CBM 194 Extra"]
[Source "ChessBase"]
[SourceDate "2020.03.31"]
[SourceVersion "1"]
[SourceVersionDate "2020.03.31"]
[SourceQuality "1"]
[WhiteTeam "Elmshorn"]
[BlackTeam "Raesfeld"]
[WhiteTeamCountry "GER"]
[BlackTeamCountry "GER"]

1. d4 d5 2. c4 Be6 3. cxd5 Bxd5 4. Nf3 Nc6 5. Bf4 Nf6 6. e3 a6 7. a4 e6 8. Bd3 Bb4+ 9. Nc3 Qd7 10. 0-0 Ne7 11. Ne5 Qd6 12. a5 Qd8 13. Be2 c6 14. Bg5 Nf5 15. Bxf6 Qxf6 16. Nxd5 cxd5 17. Qa4+ b5 18. axb6+ Kf8 19. Qxb4+ Kg8 20. b7 Rb8 21. Nd7 Qd8 22. Nxb8 Qxb8 23. Rxa6 Nd6 24. Ra8 Qxa8 25. bxa8Q+ Ne8 26. Qxe8# 1-0